书目信息 |
| 题名: |
草菇生产全书
|
|
| 作者: | 韩继刚 主编 | |
| 分册: | ||
| 出版信息: | 北京 中国农业出版社 2005 |
|
| 页数: | 399页 | |
| 开本: | 21cm | |
| 丛书名: | 新世纪菇菌生产技术丛书 | |
| 单 册: | ||
| 中图分类: | S646.1 | |
| 科图分类: | ||
| 主题词: | 草菇 , 草菇--栽培 | |
| 电子资源: | ||
| ISBN: | 7-109-09261-5 | |
| 000 | 01153nam0 2200337 450 | |
| 000 | 01116nam0 2200325 450 | |
| 000 | 01114nam0 2200337 450 | |
| 000 | 01060nam0 2200313 450 | |
| 000 | 01078nam0 2200301 450 | |
| 000 | 01041nam0 2200289 45 | |
| 001 | TS-191897 | |
| 005 | 20061209091509.57 | |
| 010 | @a7-109-09261-5@dCNY24.00 | |
| 100 | @a20060829d2005 em y0chiy0110 ea | |
| 101 | 0 | @achi |
| 102 | @aCN@b110000 | |
| 105 | @aa z 000yy | |
| 200 | 1 | @a草菇生产全书@Acao gu sheng chan quan shu@f韩继刚主编@FHan Ji Gang Zhu Bian |
| 210 | @a北京@c中国农业出版社@d2005 | |
| 215 | @a399页@c照片,图@d21cm | |
| 225 | 2 | @a新世纪菇菌生产技术丛书 |
| 330 | @a本书详细介绍了草菇的生物学特性、草菇菌种生产、草菇栽培技术、草菇栽培的病虫害防治、银丝草菇栽培技术、草菇的保鲜和加工等内容。 | |
| 410 | 0 | @1001002784441@12001 @a新世纪菇菌生产技术丛书 |
| 606 | 0 | @a草菇 |
| 606 | 0 | @a草菇@x栽培 |
| 690 | @aS646.1@v4 | |
| 701 | 0 | @a韩继刚@Ahan ji gang@4主编 |
| 801 | 0 | @aCN@b中图数据@c20061209 |
| 905 | @a10447@dS646.1@e141 | |
| 草菇生产全书/韩继刚主编.-北京:中国农业出版社,2005 |
| 399页:照片,图;21cm.-(新世纪菇菌生产技术丛书) |
| ISBN 7-109-09261-5:CNY24.00 |
| 本书详细介绍了草菇的生物学特性、草菇菌种生产、草菇栽培技术、草菇栽培的病虫害防治、银丝草菇栽培技术、草菇的保鲜和加工等内容。 |
| ● |
| 相关链接 |
|
|
|
|
正题名:草菇生产全书
索取号:S646.1/141
 
预约/预借
| 序号 | 登录号 | 条形码 | 馆藏地/架位号 | 状态 | 备注 |
| 1 | 0605160 | 206051608 | 第二样本阅览室/ [索取号:S646.1/141] | 在馆 | |
| 2 | 0605161 | 206051617 | 第三借阅区/ [索取号:S646.1/141] | 在馆 | |
| 3 | 0605162 | 206051626 | 第三借阅区/ [索取号:S646.1/141] | 在馆 | |
| 4 | 0605163 | 206051635 | 第三借阅区/ [索取号:S646.1/141] | 在馆 | |
| 5 | 0605164 | 206051644 | 第三借阅区/ [索取号:S646.1/141] | 在馆 |